000 00478nam a2200181Ia 4500
001 4461
005 20260306145757.0
008 260306t2009||||xx |||||||||||||| ||spa||
041 _aESP
082 _a323
_bI59S
100 _aInstituto Interamericano de Derechos Humanos
_eAUT
245 0 _aLas sentencias de la Corte Interamericana de Derechos Humanos
260 _c2009
300 _a31 páginas :
_c28 cm.
650 _aGEN
654 _aCHU
942 _cLIB
_dJUS
_fJUS
_2ddc
_n
999 _c4461
_d4461